Normal view MARC view
  • Maday, André de

Entry Nombre Personal

Number of records used in: 1

001 - NUMERO DE CONTROL

  • campo de control: 51750

003 - IDENTIFICADOR DE NUMERO DE CONTROL

  • campo de control: UPN

005 - FECHA Y HORA DE LA ÜLTIMA TRANSACCIÓN

  • campo de control: 20240426135835.0

008 - DATOS DE LONGITUD FIJA

  • campo de control de longitud fija: 240426|| acn||aabn | aaa d

040 ## - FUENTE DE CATALOGACIÓN

  • Agencia original de catalogación: MX-MxUPN
  • Lenguaje de catalogación: spa
  • Agencia de transcripción: MX-MxUPN

100 1# - ENCABEZAMIENTO - NOMBRE PERSONAL

  • Nombre personal: Maday, André de

373 ## - GRUPO ASOCIADO

  • Associated group: Université de Neufchâtel

374 ## - OCUPACIÓN

  • Occupation: Profesor universitario

670 ## - FUENTE EN LA QUE SE LOCALIZARON DATOS

  • Cita de la fuente: La charte internationale du travail, 1921 :
  • Información localizada: portada (André de Maday professeur à l'Université de Neufchâtel)

902 ## - CATALOGADOR

  • Catalogador: MaríaRobles/260424